[Event "GER-ch U10"]
[Site "Willingen"]
[Date "2018.05.26"]
[Round "11"]
[White "Westedt, Felix"]
[Black "Ivanov, Alexander D"]
[Result "0-1"]
[WhiteElo "1049"]
[BlackElo "1155"]
[PlyCount "53"]
[EventDate "2018.05.19"]
[EventType "swiss"]
[EventRounds "11"]
[EventCountry "GER"]
[SourceTitle "CBM 184 Extra"]
[Source "ChessBase"]
[SourceDate "2018.06.28"]
[SourceVersion "1"]
[SourceVersionDate "2018.06.28"]
[SourceQuality "1"]

1. e4 c5 2. Nf3 g6 3. d4 cxd4 4. Nxd4 Bg7 5. Nc3 Nc6 6. Be3 Nf6 7. Be2 0-0 8. 0-0 Qb6 9. Nxc6 Qxc6 10. Bb5 Qe6 11. b3 Nxe4 12. Bc4 Nxc3 13. Bxe6 Nxd1 14. Bxf7+ Rxf7 15. Raxd1 b6 16. Rfe1 d6 17. Bg5 Kf8 18. Re2 Ba6 19. Re3 Bd4 20. Rxd4 Rc8 21. Rd2 Re8 22. Bh6+ Kg8 23. Rxd6 Rc8 24. Rc3 exd6 25. Rxc8+ Bxc8 26. g3 Re7 27. Kg2 0-1

[Event "GER-ch U10"]
[Site "Willingen"]
[Date "2018.05.25"]
[Round "10"]
[White "Ivanov, Alexander D"]
[Black "Sinka, Silas"]
[Result "1/2-1/2"]
[WhiteElo "1155"]
[BlackElo "1186"]
[PlyCount "80"]
[EventDate "2018.05.19"]
[EventType "swiss"]
[EventRounds "11"]
[EventCountry "GER"]
[SourceTitle "CBM 184 Extra"]
[Source "ChessBase"]
[SourceDate "2018.06.28"]
[SourceVersion "1"]
[SourceVersionDate "2018.06.28"]
[SourceQuality "1"]

1. d4 e6 2. c4 d5 3. Nc3 Nf6 4. Bg5 Nbd7 5. e3 c5 6. Nf3 cxd4 7. exd4 Be7 8. Be2 0-0 9. 0-0 dxc4 10. Bxc4 Nb6 11. Bd3 Nbd5 12. Nxd5 exd5 13. Bxf6 Bxf6 14. Qc2 g6 15. Rfe1 Re8 16. Rxe8+ Qxe8 17. Re1 Qf8 18. Qa4 Be6 19. Ne5 Qe8 20. Bb5 Qf8 21. Nd7 Bxd7 22. Bxd7 Bxd4 23. Qxd4 Rd8 24. Qxd5 Qb4 25. Kf1 Qxb2 26. g3 Kg7 27. Re8 Qb1+ 28. Kg2 Rxe8 29. Bxe8 a5 30. Qxf7+ Kh6 31. Qb3 Qe4+ 32. Qf3 Qxe8 33. Qxb7 Qa4 34. Qb3 Qe4+ 35. Qf3 Qc2 36. Qd5 a4 37. a3 Qb2 38. Qf3 Qb3 39. Qe3+ Kg7 40. h4 h5 1/2-1/2

[Event "GER-ch U10"]
[Site "Willingen"]
[Date "2018.05.23"]
[Round "6"]
[White "Ivanov, Alexander D"]
[Black "Scheerer, Julian"]
[Result "1/2-1/2"]
[WhiteElo "1155"]
[BlackElo "1301"]
[PlyCount "54"]
[EventDate "2018.05.19"]
[EventType "swiss"]
[EventRounds "11"]
[EventCountry "GER"]
[SourceTitle "CBM 184 Extra"]
[Source "ChessBase"]
[SourceDate "2018.06.28"]
[SourceVersion "1"]
[SourceVersionDate "2018.06.28"]
[SourceQuality "1"]

1. d4 d5 2. c4 e6 3. Nc3 Nf6 4. Bg5 Be7 5. Nf3 0-0 6. e3 Nbd7 7. Be2 h6 8. Bxf6 Nxf6 9. 0-0 c5 10. Ne5 Bd6 11. Nf3 b6 12. b3 Bb7 13. Rc1 a6 14. a4 Qd7 15. h3 Rac8 16. Qd2 Rfe8 17. Rfd1 Red8 18. Ne5 Bxe5 19. dxe5 Nh7 20. Bd3 Nf8 21. Bc2 Kh8 22. Rb1 dxc4 23. Qxd7 Nxd7 24. bxc4 Bc6 25. Rd6 a5 26. Rbd1 Kg8 27. f4 Kf8 1/2-1/2